Statistics for Species of Penguin

Click here to take the quiz!

General Stats

  • This quiz has been taken 8 times
  • The average score is 9 of 18

Answer Stats

Starting LetterAnswer% Correct
EEmperor
86%
AAdélie
71%
GGalápagos
71%
KKing
71%
LLittle
71%
AAfrican
57%
CChinstrap
57%
GGentoo
57%
MMacaroni
57%
NNorthern Rockhopper
57%
SSouthern Rockhopper
57%
EErect-Crested
43%
HHumboldt
43%
RRoyal
43%
YYellow-Eyed
43%
FFiordland
29%
MMagellanic
14%
SSnares
14%

Score Distribution

Percentile by Number Answered

Percent of People with Each Score

Your Score History

You have not taken this quiz